| 000 | 00634nam a2200193Ia 4500 | ||
|---|---|---|---|
| 003 | GCL | ||
| 008 | 140319s9999 xx 000 0 ara d | ||
| 040 |
_aGCL / _cGCL |
||
| 082 | 0 | 4 |
_a216.4 _bم ش |
| 100 | 1 | _aمحمد اسماعيل | |
| 245 | 1 | 0 |
_aالشيوعية:الصنم الذى هوى / _cمحمد اسماعيل |
| 260 |
_a[S.N] : _bمكتبة التراث الاسلامى ، _c1992 |
||
| 300 | _a166 ص | ||
| 490 | _a | ||
| 650 | 0 | 4 | _aالاسلام والشيوعية |
| 650 | 0 | 4 | _aالاسلام والمذاهب السياسية |
| 650 | 0 | 4 | _aالاسلام والمذاهب الاقتصادية |
| 942 |
_2ddc _cBK |
||
| 999 |
_c52659 _d52659 |
||